[Event "CRO-ch U13 Girls"]
[Site "Trogir"]
[Date "2020.08.29"]
[Round "9"]
[White "Kolovrat, Franka"]
[Black "Bilicic, Alma"]
[Result "1-0"]
[WhiteElo "1714"]
[BlackElo "1665"]
[PlyCount "45"]
[EventDate "2020.08.24"]
[EventType "tourn"]
[EventRounds "9"]
[EventCountry "CRO"]
[SourceTitle "CBM 198 Extra"]
[Source "ChessBase"]
[SourceDate "2020.11.30"]
[SourceVersion "1"]
[SourceVersionDate "2020.11.30"]
[SourceQuality "1"]

1. e4 e5 2. Nf3 Nc6 3. Bc4 Nf6 4. Ng5 d5 5. exd5 Nxd5 6. Nxf7 Kxf7 7. Qf3+ Qf6 8. Qxd5+ Be6 9. Qd7+ Qe7 10. Bxe6+ Kf6 11. Qxe7+ Kxe7 12. Bc4 Nd4 13. Bd3 Kd7 14. 0-0 Bd6 15. Nc3 Rhe8 16. Re1 Re7 17. Nd5 Ree8 18. c3 Nc6 19. Bxh7 Bc5 20. d3 Rf8 21. Be3 Bxe3 22. Nxe3 Rh8 23. Bf5+ 1-0

[Event "CRO-ch U13 Girls"]
[Site "Trogir"]
[Date "2020.08.25"]
[Round "3"]
[White "Kolovrat, Franka"]
[Black "Karij, Petra"]
[Result "0-1"]
[WhiteElo "1714"]
[BlackElo "1275"]
[PlyCount "24"]
[EventDate "2020.08.24"]
[EventType "tourn"]
[EventRounds "9"]
[EventCountry "CRO"]
[SourceTitle "CBM 198 Extra"]
[Source "ChessBase"]
[SourceDate "2020.11.30"]
[SourceVersion "1"]
[SourceVersionDate "2020.11.30"]
[SourceQuality "1"]

1. e4 e5 2. Nf3 Nc6 3. Bc4 Nf6 4. Ng5 d5 5. exd5 Na5 6. Bb5+ c6 7. dxc6 bxc6 8. Be2 h6 9. Nf3 e4 10. Ng1 Bc5 11. Nc3 Qd4 12. Nxe4 Nxe4 0-1

[Event "CRO-ch U13 Girls"]
[Site "Trogir"]
[Date "2019.06.17"]
[Round "1"]
[White "Mihaljevic, Eva"]
[Black "Kolovrat, Franka"]
[Result "1-0"]
[WhiteElo "1241"]
[BlackElo "1731"]
[PlyCount "109"]
[EventDate "2019.06.17"]
[EventType "swiss"]
[EventRounds "9"]
[EventCountry "CRO"]
[SourceTitle "EXT 2020"]
[Source "ChessBase"]
[SourceDate "2019.10.17"]
[SourceVersion "1"]
[SourceVersionDate "2019.10.17"]
[SourceQuality "1"]

1. b3 e5 2. Bb2 Nc6 3. e3 d5 4. Bb5 Bd7 5. Bxc6 Bxc6 6. Bxe5 Bd6 7. Bxg7 Qg5 8. Bxh8 Qxg2 9. Qf3 d4 10. Qxg2 Bxg2 11. Bxd4 Bxh1 12. h3 Be4 13. d3 Bg6 14. Nc3 a6 15. e4 0-0-0 16. Be3 Bb4 17. Bd2 Ne7 18. 0-0-0 Nc6 19. Nd5 Bxd2+ 20. Rxd2 f5 21. Nf4 fxe4 22. Nxg6 hxg6 23. dxe4 Re8 24. f3 Re5 25. Re2 Rg5 26. Re1 Rg3 27. e5 Nxe5 28. Rxe5 Rxg1+ 29. Kd2 Rg3 30. Ke3 Rxh3 31. Rg5 Rh6 32. Re5 Kd7 33. Kf4 Rh2 34. c4 Rxa2 35. Rg5 Rb2 36. Rxg6 Rxb3 37. Ke4 Rc3 38. f4 Rxc4+ 39. Ke5 Rxf4 40. Kxf4 c6 41. Rg7+ Kd6 42. Rxb7 Kc5 43. Ke3 Kd5 44. Rb6 a5 45. Ra6 Kc4 46. Rxa5 c5 47. Kd2 Kb4 48. Ra8 Kc4 49. Kc2 Kd4 50. Rc8 Kc4 51. Rc7 Kd4 52. Kb3 Kd5 53. Kc3 Kd6 54. Rh7 Kc6 55. Kc4 1-0